00776nam a22002177a 450000500170000001000150001702000270003203500140005903700150007308200140008824500760010226000450017827000670022330000300029050000270032070000210034770000160036894200280038499900190041295201270043120180711160038.0 aENG-123447 c1995.00a9780199488834 aEN-106979 bDBAD/PUB.  a338.10954 aGlimpses of indian agriculture /ced. by Sangeeta Verna [and] P.C. Bodh aNew DelhibOxford University Pressc2018 a2/11, Ground Floor, Ansari Road, Daryaganj,bNew Delhie110002 axix,582p.c27cm(Hb)bill. aIt includes references a Verna, Sangeeta a Bodh, P.C. 2ddccENh338.10954mGLI c153847d153847 001040718NFICaDBADbLd2018-07-12eDBAD/PUBg1995.00l0o338.10954 GLIpEN-106979r2018-07-12 00:00:00t1v1995.00yEN